000 01102nam0a2200289 4500
001 RU\NLR\BIBL_A\022692207
005 20251228043620.0
010 _92000
035 _a(NLR Aleph) 022692207
090 _a13508818
_c13508818
100 _a20251219d1955 m y0rusy50 ca
101 0 _atyv
_crus
102 _aRU
105 _ay z 000 y
181 0 _ai
_baxxe
182 0 _an
200 1 _aКоммунист-партияның шиитпирлерин күүседири дээш идепкейлиг демиселчи
_fГ. Шитарев
_gперевод с русского С. Чамзрын
203 _aТекст
_bвизуальный
_cнепосредственный
210 _aКызыл
_cТываның ном үндүрер чери
_d1955
215 _a103, [1] с.
_d20
541 1 _aКоммунист-активный боец за выполнение партийных решений
_zrus
686 1 _aА85
700 1 _aШитарев
_bГ. И.
_gГерман Иванович
_4070
702 1 _aЧамзрын
_bС.
_4730
942 _cBOOK
980 _aNB